000 00685nam a2200265Ia 4500
005 20260302115333.0
008 008 260114s9999 xx 000 0 eng d
020 _a9798400686764
037 _aTextbook
040 _aCRL
040 _beng
040 _cCRL
041 _2eng
041 _aeng
084 _qCRL
100 _aAlexander G. Gonzalez
_91121345
245 0 _aModern Irish Writers A Bio-Critical Sourcebook
260 _bBloomsbury
260 _bGreenwood
260 _c1997
650 _aLiterary Studies
856 _uhttps://doi.org/10.5040/9798400686764?locatt=label:secondary_bloomsburyCollections
942 _cEBOOK
999 _c1685846
_d1685846